| 000 | 00464nam a2200181Ia 4500 | ||
|---|---|---|---|
| 001 | 25362 | ||
| 005 | 20260414151145.0 | ||
| 008 | 260414t2006||||xx |||||||||||||| ||spa|| | ||
| 041 | _aESP | ||
| 082 |
_a346.5 _bE345 |
||
| 100 |
_aEhmann, Horst _eAUT |
||
| 245 | 0 |
_aLa reforma del BGB : _bmodernización del derecho alemán de obligaciones |
|
| 260 | _c2006 | ||
| 300 |
_a400 páginas : _c25 cm. |
||
| 650 | _aDER | ||
| 654 | _aCDE | ||
| 942 |
_cLIB _dJUS _fJUS _2ddc _n |
||
| 999 |
_c25362 _d25362 |
||